al-Adab al-shaʻbī fī Jazīrat al-ʻArab /

محفوظ في:

المؤلف الرئيسي: Ibn Khamīs, ʻAbd Allāh ibn Muḥammad (مؤلف)

التنسيق: كتاب

اللغة: Arabic

منشور في: al-Riyad : Maṭābiʻ al-Riyāḍ, 1958.

الموضوعات:

الوسوم: إضافة وسم

لا توجد وسوم, كن أول من يضع وسما على هذه التسجيلة!

رقم الطلب: GR275 .I2 1958

LEADER 01108nam a2200253Ia 4500
003 OSt
005 20230724121853.0
008 130303s1958 su 000 0 ara d
952 |0 0  |1 0  |2 lcc  |4 0  |6 GR0275 I2 01958  |7 1  |9 49304  |a ARCE  |b ARCE  |d 2023-07-24  |l 0  |o GR275 .I2 1958  |p 1027789  |r 2023-07-24 00:00:00  |w 2023-07-24  |y BK 
999 |c 29526  |d 29526 
043 |a a-su--- 
050 4 |a GR275 .I2 1958 
100 1 |6 880-01  |a Ibn Khamīs, ʻAbd Allāh ibn Muḥammad,  |e author 
245 1 3 |6 880-02  |a al-Adab al-shaʻbī fī Jazīrat al-ʻArab /   |c ʻAbd Allāh ibn Khamīs. 
264 1 |a al-Riyad :   |b Maṭābiʻ al-Riyāḍ,   |c 1958. 
300 |a 400 pages ;   |c 24 cm. 
555 |a shimaa 
555 |a wafaa.lib 
650 0 |a Arabic literature  |z Saudi Arabia  |x History and criticism. 
650 0 |a Folk literature  |z Saudi Arabia  |x History and criticism. 
880 1 |6 100-01/(3/r  |a ابن خميس، عبد الله بن محمد 
880 1 2 |6 245-02/(3/r  |a الأدب الشعبي في جزيرة العرب   |c عبد الله بن خميس.‪‪‪‪‪‪‪‪‪‪‪‪‪‪‪‪‪‪ 
901 |a reviewed 
942 |c BK  |2 lcc